The use of tracers to study heterogeneous catalysis /
Guardado en:
| Autores Corporativos: | , |
|---|---|
| Otros Autores: | , |
| Formato: | Libro |
| Idioma: | English |
| Publicado: |
New York :
New York Academy of Sciences,
1973.
|
| Series: | Annals of the New York Academy of Sciences ;
v. 213. |
| Materias: | |
| Etiquetas: |
Agregar Etiqueta
Sin Etiquetas, Sea el primero en etiquetar este registro!
|
| LEADER | 01247cam a22002895a 4500 | ||
|---|---|---|---|
| 001 | EIQ.libpla000711 | ||
| 008 | 740117s1973####nyua#####b####100#0#eng#d | ||
| 005 | 20071218174554.0 | ||
| 245 | 1 | 4 | |a The use of tracers to study heterogeneous catalysis / |c editors John Happel and Miguel A. Hnatow. |
| 260 | |a New York : |b New York Academy of Sciences, |c 1973. | ||
| 300 | |a 246 p. : |b il. ; |c 23 cm. | ||
| 490 | 1 | |a Annals of the New York Academy of Sciences ; |v v. 213 | |
| 500 | |a "Sponsored by the academy's Section of Catalysis." | ||
| 504 | |a Incluye referencias bibliográficas. | ||
| 111 | 2 | |a International Conference on the Use of Tracers to Study Heterogeneous Catalysis |d (1972 : |c New York) | |
| 700 | 1 | |a Happel, John, |e ed. |4 edt | |
| 700 | 1 | |a Hnatow, Miguel A., |e ed. |4 edt | |
| 710 | 2 | |a New York Academy of Sciences. |b Section of Catalysis. | |
| 830 | 0 | |a Annals of the New York Academy of Sciences ; |v v. 213. | |
| 082 | 0 | 0 | |a 508/.1 s |a 545/.824 |
| 650 | 0 | |a Catálisis heterogénea |x Congresos. | |
| 650 | 0 | |a Trazadores (Química) |x Congresos. | |
| 650 | 0 | |a Heterogeneous catalysis |x Congresses. | |
| 650 | 0 | |a Tracers (Chemistry) |x Congresses. | |
| 010 | |a 73181610 | ||
| 040 | |a DLC |c DLC |d AR-BbSID | ||
| 859 | |a AR-BbSID |b BIB. PLAPIQUI |h 541.395 |i In 8 |p 492 | ||
